Slovak Hockey Clubs Logos - Statistics

General Stats
  • This quiz has been taken 32 times
  • The average score is 13 of 24
Answer Stats
Picture Answer % Correct
Slovan Bratislava
91%
Kosice
74%
Trencin
74%
Banska Bystrica
70%
Nitra
70%
Poprad
70%
Zvolen
70%
Spisska Nova Ves
65%
Zilina
61%
Detva
57%
Michalovce
57%
Nove Zamky
57%
Liptovsky Mikulas
52%
Presov
48%
Skalica
48%
Humenne
39%
Levice
39%
Martin
39%
Piestany
39%
Brezno
35%
Trnava
35%
Povazska Bystrica
26%
Rimavska Sobota
22%
Topolcany
22%
No matching quizzes found
Score Distribution
Percent of People with Each Score
Percentile by Number Answered
Your Score History
You have not taken this quiz